000 002760000a22000970004500
090 _aAR
_b04102
245 1 0 _aProduction of adventitious buds on the leaves in Dicksonia sellowiana
041 0 _aInglés
942 _cARTICULO
773 1 _tAmerican Fern Journal
_h3
_q105-108
_d2000
_g90
999 _c13200
_d13200